Mechanical Engineers Hand New DelhiBook (Record no. 27678)

MARC details
000 -LEADER
fixed length control field 00406nam a22001697a 4500
003 - CONTROL NUMBER IDENTIFIER
control field OSt
005 - DATE AND TIME OF LATEST TRANSACTION
control field 20220125085509.0
008 - FIXED-LENGTH DATA ELEMENTS--GENERAL INFORMATION
fixed length control field 220125b |||||||| |||| 00| 0 eng d
020 ## - INTERNATIONAL STANDARD BOOK NUMBER
International Standard Book Number 8181473612
040 ## - CATALOGING SOURCE
Transcribing agency HU
082 ## - DEWEY DECIMAL CLASSIFICATION NUMBER
Classification number 621
100 ## - MAIN ENTRY--PERSONAL NAME
Personal name Marghitu B. Dan(ED)
9 (RLIN) 28477
245 ## - TITLE STATEMENT
Title Mechanical Engineers Hand New DelhiBook
260 ## - PUBLICATION, DISTRIBUTION, ETC.
Place of publication, distribution, etc. New Delhi
Name of publisher, distributor, etc. New Delh
300 ## - PHYSICAL DESCRIPTION
Type of unit 862
942 ## - ADDED ENTRY ELEMENTS (KOHA)
Source of classification or shelving scheme Dewey Decimal Classification
Koha item type Books like text book referance book
Suppress in OPAC No
Holdings
Withdrawn status Lost status Source of classification or shelving scheme Damaged status Not for loan Home library Current library Shelving location Date acquired Total Checkouts Full call number Barcode Date last seen Copy number Price effective from Koha item type
    Dewey Decimal Classification     IoT Library IoT Library General Stacks 01/25/2022   621//MAR/2001 IOTL0006806 01/25/2022 1 01/25/2022 Books like text book referance book
    Dewey Decimal Classification     IoT Library IoT Library General Stacks 01/25/2022   621//MAR/2001 IOTL0006807 01/25/2022 2 01/25/2022 Books like text book referance book
    Dewey Decimal Classification     IoT Library IoT Library General Stacks 01/25/2022   621//MAR/2001 IOTL0006808 01/25/2022 3 01/25/2022 Books like text book referance book